<?xml version="1.0" encoding="UTF-8"?>
<record
    xmlns:xsi="http://www.w3.org/2001/XMLSchema-instance"
    xsi:schemaLocation="http://www.loc.gov/MARC21/slim http://www.loc.gov/standards/marcxml/schema/MARC21slim.xsd"
    xmlns="http://www.loc.gov/MARC21/slim">

  <leader>009280000a22002170004500</leader>
  <controlfield tag="003">LK-CoMWRAF</controlfield>
  <controlfield tag="005">20240315113143.0</controlfield>
  <controlfield tag="008">230817t1995       ||||| |||| 00| 0 eng d</controlfield>
  <datafield tag="040" ind1=" " ind2=" ">
    <subfield code="a">LK-CoMWRAF</subfield>
    <subfield code="d">LK-CoMWRAF</subfield>
    <subfield code="e">LK-CoMWRAF</subfield>
  </datafield>
  <datafield tag="041" ind1=" " ind2=" ">
    <subfield code="a">tam</subfield>
  </datafield>
  <datafield tag="082" ind1=" " ind2=" ">
    <subfield code="a">305.8</subfield>
    <subfield code="b">MAT</subfield>
  </datafield>
  <datafield tag="245" ind1=" " ind2=" ">
    <subfield code="a">&#xBAE;&#xBBE;&#xBA4;&#xBCD;&#xBA4;&#xBB1;&#xBC8; &#xBAE;&#xBBE;&#xBB5;&#xB9F;&#xBCD;&#xB9F; &#xBAE;&#xBC1;&#xBB8;&#xBCD;&#xBB2;&#xBBF;&#xBAE;&#xBCD;&#xB95;&#xBB3;&#xBCD;:</subfield>
    <subfield code="b">&#xBB5;&#xBB0;&#xBB2;&#xBBE;&#xBB1;&#xBC1;&#xBAE;&#xBCD; &#xBAA;&#xBB0;&#xBAE;&#xBCD;&#xBAA;&#xBB0;&#xBBF;&#xBAF;&#xBB2;&#xBC1;&#xBAE;&#xBCD;</subfield>
  </datafield>
  <datafield tag="246" ind1=" " ind2=" ">
    <subfield code="a">Maththarai Mawatta Muslimgal: varalarum parampariyalum</subfield>
  </datafield>
  <datafield tag="246" ind1=" " ind2=" ">
    <subfield code="a">Muslims of Matara District : History and Heritage</subfield>
  </datafield>
  <datafield tag="260" ind1=" " ind2=" ">
    <subfield code="a">Colombo:</subfield>
    <subfield code="b">Ministry of Cultural &amp; Religious Affairs, Department of Muslim Religious &amp; Cultural Affairs, </subfield>
    <subfield code="c">1995</subfield>
  </datafield>
  <datafield tag="300" ind1=" " ind2=" ">
    <subfield code="a">171 p.</subfield>
  </datafield>
  <datafield tag="490" ind1=" " ind2=" ">
    <subfield code="a">&#xBAE;&#xBBE;&#xBB5;&#xB9F;&#xBCD;&#xB9F; &#xB85;&#xBB1;&#xBBF;&#xBAE;&#xBC1;&#xB95; &#xBA8;&#xBC1;&#xBB2;&#xBCD;</subfield>
    <subfield code="v">4</subfield>
  </datafield>
  <datafield tag="650" ind1=" " ind2=" ">
    <subfield code="a">MUSLIMS-MATARA DISTRICT-Sri Lanka</subfield>
  </datafield>
  <datafield tag="700" ind1=" " ind2=" ">
    <subfield code="a">&#xBAE;&#xBB9;&#xBCD;&#xBB0;&#xBC2;&#xBAA;&#xBCD;, &#xB8E;&#xBAE;&#xBCD;.&#xB8E;&#xBAE;&#xBCD;.&#xB8E;&#xBAE;&#xBCD;.</subfield>
    <subfield code="e">ed.</subfield>
    <subfield code="y">Mahroof, M.M.M.</subfield>
  </datafield>
  <datafield tag="942" ind1=" " ind2=" ">
    <subfield code="c">BK</subfield>
  </datafield>
  <datafield tag="952" ind1=" " ind2=" ">
    <subfield code="0">0</subfield>
    <subfield code="1">0</subfield>
    <subfield code="4">0</subfield>
    <subfield code="7">0</subfield>
    <subfield code="a">MAIN</subfield>
    <subfield code="b">MAIN</subfield>
    <subfield code="d">2023-08-17</subfield>
    <subfield code="l">0</subfield>
    <subfield code="o">305.8 MAT</subfield>
    <subfield code="p">RAF4956</subfield>
    <subfield code="r">2023-08-17</subfield>
    <subfield code="w">2023-08-17</subfield>
    <subfield code="y">BK</subfield>
  </datafield>
  <datafield tag="999" ind1=" " ind2=" ">
    <subfield code="c">1130</subfield>
    <subfield code="d">1130</subfield>
  </datafield>
</record>
